Chess Terminology - Statistics

General Stats
  • This quiz has been taken 21 times
  • The average score is 3 of 9
Answer Stats
Hint Answer % Correct
Can move one square in every direction King
89%
it can be light-squared or dark-squared Bishop
74%
gives the "smothered mate" Knight
53%
first official world champion Wilhelm Steinitz
32%
This world champion was born in 1888 José Raúl Capablanca
26%
A variation of the Dutch defense which is also a former city name Leningrad
21%
In this case the opponent's king has to move double check
11%
The player who makes the threads has it initiative
5%
In this position a rook and a pawn win against the rook Lucena position
5%
No matching quizzes found
Score Distribution
Percent of People with Each Score
Percentile by Number Answered
Your Score History
You have not taken this quiz